| 000 | 00923nam a2200265 i 4500 | ||
|---|---|---|---|
| 001 | bg | ||
| 100 | 1 | _aKOZŁOWSKA, Monika | |
| 245 | 1 | 0 |
_aBiologia odporności roślin na patogeny i szkodniki / _cMonika Kozłowska, Grzegorz Konieczny. |
| 260 |
_aPoznań : _bWydaw. Akademii Rolniczej im. Augusta Cieszkowskiego, _c2003. |
||
| 300 |
_a172, [1] s. : _brys., wykr. ; _c24 cm. |
||
| 504 | _aBibliogr. s. 158-163. Indeksy. | ||
| 650 | 9 |
_aGenetyka _xbotanika |
|
| 650 | 9 |
_aOdporność _xbotanika |
|
| 655 | _aPodręczniki akademickie | ||
| 700 | 1 | _aKONIECZNY, Grzegorz | |
| 015 | _aPB 4465/2004 | ||
| 020 | _a8371603207 | ||
| 040 | _cBPK | ||
| 041 | 0 | _apol | |
| 080 | _a632:631.52:581.1](075.8) | ||
| 920 | _a83-7160-320-7 | ||
| 942 | _cKS | ||
| 008 | s pl f |000 0 pol | ||
| 999 |
_c51382 _d51382 |
||
| 856 |
_uhttp://koha.tu.koszalin.pl/cgi-bin/koha/opac-detail.pl?biblionumber=51382 _yKatalog online BPK |
||